000 00758nam a22002177a 4500
005 20251108164258.0
008 250721s1991 xx 000 0 ara d
082 1 4 _a330.17/دون
100 1 _aدوناهيو، جون د
245 1 0 _aقرار التحول إلى القطاع الخاص :
_bغايات عامة و وسائل خاصة /
264 1 _aالقاهرة :
_bالجمعية المصرية لنشر المعرفة و الثقافة العالمية،
_c1991.
300 _a299ص
650 1 7 _aالملكية
650 1 7 _aالملكية الخاصة
650 1 7 _aالإقتصاد
650 1 7 _aالفلسفة
650 1 7 _aالنظريات
700 1 _aغنيم، محمد مصطفى
_eترجمة
942 _2ddc
_cBK
999 _c8195
_d8195